000 00284nam a22001337a 4500
008 171012b xxu||||| |||| 00| 0 eng d
020 _a2900205153878
041 _aeng
080 _a316
100 _a50
101 _aSOC
245 _aFAMILY VIOLENCE
_cWALLACE,H
942 _2udc
_cBK
999 _c33342
_d33342